Name a Canadian County A-Z - Statistics

General Stats
  • This quiz has been taken 31 times
  • The average score is 7 of 23
Answer Stats
# Possible Examples % Correct
H 8 Halifax | Halton | Hastings | etc.
55%
S 13 Simcoe | Stikine | Sudbury | etc.
55%
A 13 Abitibi | Albert | Antigonish | etc.
50%
V 3 Vallee-de-l’Or | Victoria | etc.
50%
C 21 Cariboo | Carleton | Charlotte | etc.
45%
P 14 Pabok | Perth | Pontiac | etc.
45%
T 7 Temiscamingue | Toronto | etc.
45%
Y 2 Yarmouth | York
35%
G 4 Gloucester | Guysborough | etc.
30%
Q 1 Queens
30%
E 3 East Kootenay | Elgin | Essex
25%
N 9 Nanaimo | Niagara | Norfolk | etc.
25%
R 10 Renfrew | Restigouche | etc.
25%
B 10 Baffin | Brant | Bruce | etc.
20%
D 8 Digby | Dufferin | Durham | etc.
20%
K 8 Kenora | Kings | Kitikmeot | etc.
20%
L 46 Lambton | Lanark | Laval | etc.
20%
W 3 Waterloo | Wellington | Westmorland
20%
F 5 Francheville | Frontenac | etc.
15%
O 3 Ottawa-Carleton | Oxford | etc.
15%
M 16 Matane | Mekinac | Mirabel | etc.
10%
I 2 Inuvik | Inverness
5%
J 1 Joliette
5%
No matching quizzes found
Score Distribution
Percent of People with Each Score
Percentile by Number Answered
Your Score History
You have not taken this quiz